000 00820cam a2200265 a 4500
999 _c46206
_d46206
001 1165005
005 20190429113650.0
008 961118s1997 pau b 000 0 eng
010 _a 96049155
020 _a1563381893
040 _aDLC
_cDLC
_dDLC
100 1 _aKirk, J. Andrew.
245 1 4 _aThe mission of theology and theology as mission /
_cby J. Andrew Kirk.
260 _aValley Forge, Pa. :
_bTrinity Press International,
_cc1997.
300 _aviii, 71 p. ;
_c19 cm.
336 _atext
337 _aunmediated
338 _avolume
490 1 _aChristian mission and modern culture series
504 _aIncludes bibliographical references (p. 69-71).
650 0 _aTheology
_xMethodology.
650 0 _aMissions
_xTheory.
830 0 _aChristian mission and modern culture.
942 _2lcc
_cBK